000 01862nam a2200253Ia 4500
008 260220t1986||||xx |||||||||||||| ||spa||
040 _aPY-SlUNAC
_bspa
_erda
041 _aspa
082 _a609
_bM388c
100 _aMassow, Valentin Von
_eAutor
245 0 _aLa ciencia y su promoción en la República Federal de Alemania /
_cpor Valentin Von Massow [Autor]
250 _aSegunda edición
264 _a[Lugar de publicación no identificado] :
_bInter Nationes Bonn,
_c℗1986.
300 _a1 volumen
520 _aEl libro "La ciencia y su promoción en la República Federal de Alemania" de Valentin Von Massow ofrece un análisis profundo sobre las dinámicas de la investigación científica y su financiamiento en el contexto alemán de la década de 1980. Massow examina las políticas gubernamentales y las estructuras institucionales que han influido en el desarrollo científico, subrayando la importancia de la cooperación entre el sector público y privado. A lo largo de la obra, se destacan los desafíos que enfrenta la ciencia, como la necesidad de adaptarse a las demandas sociales y económicas, así como la competencia internacional. El autor también aborda la formación de investigadores y la promoción de la innovación, proponiendo estrategias para fortalecer el sistema científico. Con un enfoque crítico y analítico, el libro contribuye a la comprensión de la relación entre ciencia, política y sociedad, ofreciendo una visión integral sobre cómo la República Federal de Alemania busca posicionarse en el ámbito global del conocimiento y la tecnología.
651 _aAlemania
653 _aCiencia
653 _aPromoción de la ciencia
942 _b2026/02/17
_cBK
999 _c8399
_d8399